| 000 | 00560nam a2200217Ia 4500 | ||
|---|---|---|---|
| 005 | 20241129120322.0 | ||
| 008 | 241129s9999||||xx |||||||||||||| ||und|| | ||
| 020 | _a9788126715831 | ||
| 037 | _aTB | ||
| 040 |
_aSDCL _beng _cSDCL |
||
| 041 |
_ahin _2hin |
||
| 084 |
_aO152,3N03 Q9 _qSDCL |
||
| 100 |
_aVerma Bhagwaticharan _9393486 |
||
| 245 | 0 | _aChitralekha | |
| 260 |
_aDelhi _bRajkamal prakashan India _c2019 |
||
| 300 | _a199p | ||
| 365 |
_aINR _b495 |
||
| 650 | _aHindi | ||
| 942 |
_cTB _hO152,3N03 Q9 |
||
| 999 |
_c1234319 _d1234319 |
||